000 00414nab a2200145Ia 4500
003 ES-SlBCS
005 20210601131737.0
008 140529s1953 xxu||||| |||| 00| 0 fre d
041 _afre
100 1 _aRollet, Henri
_939740
245 0 0 _aLes secrétariats sociaux
_c Henri Rollet
650 0 4 _aSecretariado Social
_9188490
773 0 _tVie Intelectuelle (La)
_gnº. 7, 1953, págs. 141-152
_wRev907
942 _cAR
999 _c568047
_d568047